| 000 | 00460pab a2200169 454500 | ||
|---|---|---|---|
| 008 | 180718b2014 xxu||||| |||| 00| 0 eng d | ||
| 100 | _aDean, Kathy Lund | ||
| 245 | _aThe 21st-century syallabus: Tips for putting andragogy into practice | ||
| 260 | _c2014 | ||
| 300 | _ap.724-732. | ||
| 362 | _aOct | ||
| 650 | _aEducational sciences | ||
| 700 | _aFornaciari, Charles J. | ||
| 773 | _aJournal of Management Education | ||
| 908 | _aN | ||
| 909 | _a106343 | ||
| 999 |
_c106338 _d106338 |
||